Love Actually cast Other projects - Statistics

General Stats
  • This quiz has been taken 39 times
  • The average score is 5 of 13
Answer Stats
actor initials year co-star Answer % Correct
Alan Rickman HPATHBP 2009 Emma Watson Harry potter and the Half Blood Prince
85%
Keira Knightley POTC: DMC 2007 Johnny Depp Pirates of the caribbean dead mans chest
67%
Rowan Atkinson JE 2003 John Malkovich Johnny English
51%
Hugh Grant MAL 2007 Drew Barrymore Music and Lyrics
51%
Chiwetel ejiofor TYAS 2013 Lupita Nyongo 12 years a slave
49%
Thomas Brodie Sangster TMR 2014 Kaya Scodelario The Maze Runner
46%
Andrew lincoln TWD 2010-2022 Norman Reedus the walking dead
46%
Martin Freeman S 2010 Andrew Scott sherlock
36%
Bill Nighy AT 2013 Rachel McAdams about time
33%
Emma Thompson NMATBB 2010 Asa Butterfield Nanny Mcphee and the big bang
23%
Martine McCutcheon EB 2008 Jason Donovan Echo Beach
10%
Colin Firth BJDTEOR 2004 Renee Zellweger bridget jones' dairy: the edge of reason
3%
Liam Neeson NTLTWTW 2005 Tilda Swinton Narna: the lion the witch and the wardrobe
3%
No matching quizzes found
Score Distribution
Percent of People with Each Score
Percentile by Number Answered
Your Score History
You have not taken this quiz